00920nam a2200241 i 4500001001000000003000900010005001700019007000300036008004100039040003000080041000800110082001900118110005500137245012600192246009100318264005500409300002800464336002700492337003300519338002800552500004900580700004900629000029587DO-SdBNP20250818092327.0ta110419s 2001 dr 000 0 spa d aDO-SdBNPbspacBNPHUerda aspa axxxbR426d2221 aRepública Dominicana.bSuprema Corte de Justicia10a2000 un año de logros :bmemorias del presidente de la Suprema Corte de Justicia /cpresentada por Jorge A. Subero Isa.10aDos mil un año de logros : bmemorias del presidente de la Suprema Corte de Justicia 1aSanto Domingo :bSuprema Corte de Justicia,c2001. a193 páginas ;c22 cm. atextobtxt2rdacontent asin mediaciónbn2rdamedia avolumenbnc2rdacarrier aDía del poder judicial 7 de enero del 20011 aSubero Isa, Jorge A.,d1947-epresentación